S. Chand's New Mathematics/ (Record no. 178176)

MARC details
000 -LEADER
fixed length control field 00618nam a22002057a 4500
005 - DATE AND TIME OF LATEST TRANSACTION
control field 20210322123842.0
010 ## - LCCN (DPL NO)
LC control number ENG-129255
020 ## - INTERNATIONAL STANDARD BOOK NUMBER
International Standard Book Number 978-93-528-3751-9
Terms of availability 530.00
035 ## - SYSTEM CONTROL NUMBER
System control number EN-112787
037 ## - SOURCE OF ACQUISITION
Source of stock number/acquisition DBAD/PUB
082 ## - DEWEY DECIMAL CLASSIFICATION NUMBER
Classification number 510
100 ## - MAIN ENTRY--PERSONAL NAME
Personal name Dass, H.K.
245 ## - TITLE STATEMENT
Title S. Chand's New Mathematics/
Statement of responsibility, etc H.K. Dass, Rama Verma, Bhagwat Swarup Sharma
260 ## - PUBLICATION, DISTRIBUTION, ETC. (IMPRINT)
Name of publisher, distributor, etc S. Chand School Books
Place of publication, distribution, etc New Delhi
Date of publication, distribution, etc 2019
270 ## - ADDRESS
Address 7361, Ram Nagar, Qutab Road,
City New Delhi
Postal code 110055
300 ## - PHYSICAL DESCRIPTION
Extent 965p.
Dimensions 24cm(pbk)
700 ## - ADDED ENTRY--PERSONAL NAME
Personal name Verma, Rama
700 ## - ADDED ENTRY--PERSONAL NAME
Personal name Sharma, Bhagwat Swarup
942 ## - ADDED ENTRY ELEMENTS (KOHA)
Source of classification or shelving scheme Dewey Decimal Classification
Item type English Books
Classification part 510
Call number suffix DAS
Holdings
Withdrawn status Lost status Not for loan Collection code Home library Current library Date acquired Source of acquisition Cost, normal purchase price Full call number Barcode Copy number Cost, replacement price Koha item type
      Non-fiction Bawana Bawana 19/03/2021 DBAD/PUB 530.00 510 DAS EN-112787 1 530.00 English Books

© Delhi Public Library
Hit Counter
free hit counter